000 00558cam a2200217 4500
008 090401t1988 xxu||||| |||| 00| 0 eng d
020 _a0117301884
035 _a(Sirsi) u59685
041 _aeng
050 _a346.410438
110 _aEngland and Wales
_bLaw Commission
_93302
245 _aTrusts of land : overreaching
260 _aLondon
_bHMSO
_c1988
300 _aiv,42,20p. ; 21cm.
350 _a2.25
490 _aLaw Commission Working Paper
_v106
650 _aCONVEYANCING
650 _aFLEGGS CASE
942 _n0
948 _c04/03/1997
999 _c94174
_d94174